LEADER 01246cam0-22004091i-450 001 990007155730403321 005 20210726125801.0 010 $a88-348-8079-X 035 $a000715573 035 $aFED01000715573 035 $a(Aleph)000715573FED01 035 $a000715573 100 $a20021021d1998----km-y0itay50------ba 101 0 $aita 102 $aIT 105 $ay-------001yy 200 1 $aCodice delle telecomunicazioni$edisciplina comunitaria e nazionale in tema di telecomunicazioni e televisione$fLuca G. Radicati di Brozolo$gcon la collaborazione di Monica Dal Prà 210 $aTorino$cGiappichelli$d1998 215 $aXIV, 848 p.$d17 cm 225 1 $aCodici comunitari$v2 610 0 $aTelecomunicazioni$aLegislazione 676 $a343.450994$v20$zita 702 1$aDal Prà,$bMonica 702 1$aRadicati Di Brozolo,$bLuca G. 710 02$aUnione europea$0361259 801 0$aIT$bUNINA$gRICA$2UNIMARC 901 $aBK 912 $a990007155730403321 952 $aXXI A 35 (2$b3677$fDDCIC 952 $a22-M-277$b11431$fDDCP 952 $aVI Z 534$b5413$fDDA 959 $aDDA 959 $aDDCIC 959 $aDDCP 996 $aCodice delle telecomunicazioni$9690847 997 $aUNINA DB $aGEN01 LEADER 01801nam2 22003973i 450 001 VAN0241978 005 20220926091648.637 017 70$2N$a9783662481486 100 $a20220303d2016 |0itac50 ba 101 $aeng 102 $aDE 105 $a|||| ||||| 200 1 $aIsaiah Shavitt$eA Memorial Festschrift from Theoretical Chemistry Accounts$feditors Ron Shepard, Russell M. Pitzer, Thom Dunning 210 $aBerlino$cSpringer$d2016 215 $aVII, 359 p.$cill.$d24 cm 461 1$1001VAN0241714$12001 $aHighlights in Theoretical Chemistry$1210 $aBerlin$cSpringer$d2015$v9 620 $dBerlin$3VANL000066 676 $a572.633$cStruttura molecolare$v22 676 $a540$cChimica generale$v22 676 $a541$cChimica fisica$v22 676 $a541.24$cStruttura atomica$v22 702 1$aDunning$bThom$3VANV197962 702 1$aPitzer$bRussell M.$3VANV197960 702 1$aShepard$bRon$3VANV197958 712 $aSpringer $3VANV108073$4650 790 1$aPitzer, R. M.$zPitzer, Russell M.$3VANV202056 790 1$aPitzer, R.M.$zPitzer, Russell M.$3VANV202057 790 1$aPitzer, Russell Mosher$zPitzer, Russell M.$3VANV213600 801 $aIT$bSOL$c20240614$gRICA 856 4 $uhttps://link.springer.com/book/10.1007/978-3-662-48148-6$zE-book - Accesso al full-text attraverso riconoscimento IP di Ateneo, proxy e/o Shibboleth 899 $aBIBLIOTECA DEL DIPARTIMENTO DI SCIENZE E TECNOLOGIE AMBIENTALI BIOLOGICHE E FARMACEUTICHE$1IT-CE0101$2VAN17 912 $fN 912 $aVAN0241978 950 $aBIBLIOTECA DEL DIPARTIMENTO DI SCIENZE E TECNOLOGIE AMBIENTALI BIOLOGICHE E FARMACEUTICHE$d17CONS e-book 2220 $e17BIB2220/75 75 20220303 996 $aIsaiah Shavitt$92524152 997 $aUNICAMPANIA